000 01066cam a2200229 4500
001 WB4025-15
008 040629n2004 000 0 eng u
035 _a(Sirsi) u126617
245 _aAccounting for leaseholders monies consultation
260 _c2004
490 _aODPM Consultation Paper
_v25 June 2004 (2)
520 _aODPM has published a further consultation paper seeking views on the provisions in the Commonhold and Leasehold Reform Act 2002 that make changes to the way service charge monies are held and to the information provided to service charge payers. The consultation period lasts from 25 June 2004 to 24 September 2004. The consultation is available at http://www.odpm.gov.uk/stellent/groups/odpm_housin g/documents/page/odpm_house_029348.hcsp.
590 _aWB
590 _aWB
650 _aLEASEHOLDERS MONIES
650 _aSERVICE CHARGES
650 _aTENANTS' RIGHTS
650 _aTENANTS OBLIGATIONS
650 _aCOMMONHOLD AND LEASEHOLD REFORM ACT 2002
690 _aLANDLORD AND TENANT-LEASEHOLD REFORM
942 _n0
999 _c117603
_d117603